<?xml version="1.0" encoding="UTF-8"?>
<record
    xmlns:xsi="http://www.w3.org/2001/XMLSchema-instance"
    xsi:schemaLocation="http://www.loc.gov/MARC21/slim http://www.loc.gov/standards/marcxml/schema/MARC21slim.xsd"
    xmlns="http://www.loc.gov/MARC21/slim">

  <leader>00945naa a2200157 i 4500</leader>
  <controlfield tag="001">9198</controlfield>
  <controlfield tag="003">KOSZ 005</controlfield>
  <controlfield tag="005">20180320125537.0</controlfield>
  <controlfield tag="008">180320s2012    pl ||||| |||| 00| 0 pol d</controlfield>
  <datafield tag="040" ind1=" " ind2=" ">
    <subfield code="a">KOSZ 005/HR</subfield>
    <subfield code="c">KOSZ 005/HR</subfield>
  </datafield>
  <datafield tag="100" ind1=" " ind2=" ">
    <subfield code="a">ZAWADZKA, Danuta.</subfield>
    <subfield code="b">Politechnika Koszali&#x144;ska - Instytut Ekonomii i Zarz&#x105;dzania,</subfield>
    <subfield code="c">Zak&#x142;ad Finans&#xF3;w</subfield>
    <subfield code="d">2007-2011.</subfield>
  </datafield>
  <datafield tag="245" ind1=" " ind2=" ">
    <subfield code="a">Bariery p&#x142;ynno&#x15B;ci finansowej przedsi&#x119;biorstw handlowych - uj&#x119;cie modelowe /</subfield>
    <subfield code="c">Danuta Zawadzka, Roman Ardan.</subfield>
  </datafield>
  <datafield tag="490" ind1="1" ind2=" ">
    <subfield code="a"> Ekonomiczne Problemy Us&#x142;ug ;</subfield>
    <subfield code="v">nr 81</subfield>
  </datafield>
  <datafield tag="773" ind1="0" ind2=" ">
    <subfield code="i">W :</subfield>
    <subfield code="t">Finanse i rachunkowo&#x15B;&#x107; w zarz&#x105;dzaniu wsp&#xF3;&#x142;czesnym przedsi&#x119;biorstwem : teoria i praktyka / red. nauk. Andrzej Jackiewicz. -</subfield>
    <subfield code="d">Brodnica ; &#x141;&#xF3;d&#x17A; : Wydaw. Wy&#x17C;szej Szko&#x142;y Przedsi&#x119;biorczo&#x15B;ci i Zarz&#x105;dzania, 2011. -</subfield>
    <subfield code="g">s. 291-301.</subfield>
    <subfield code="k">Przedsi&#x119;biorczo&#x15B;&#x107; i Zarz&#x105;dzanie - Spo&#x142;eczna Wy&#x17C;sza Szko&#x142;a Przedsi&#x119;biorczo&#x15B;ci i Zarz&#x105;dzania w &#x141;odzi ; t. 12 z.13.</subfield>
    <subfield code="x">1733-2486 </subfield>
  </datafield>
  <datafield tag="942" ind1=" " ind2=" ">
    <subfield code="2">UKD</subfield>
    <subfield code="c">ROZ</subfield>
  </datafield>
  <datafield tag="999" ind1=" " ind2=" ">
    <subfield code="c">9198</subfield>
    <subfield code="d">9198</subfield>
  </datafield>
</record>
